000 00568nam a22001817a 4500
005 20250602134223.0
008 250602b |||||||| |||| 00| 0 eng d
020 _a9780409048360
041 _aEnglish
082 _a344.1 DUT
100 _aDu Toit D et al.
_lEnglish
245 _aLabour Relations Law :
_bA Comprehensive Guide /
_cD du Toit et al.
250 _aSixth Edition
260 _aCape Town:
_bJuta and Company (Pty) Ltd,
_c2014
300 _bxx, 925 pages;
_c25 cm.
650 _aLegal practice
_bLaw
942 _cBK
_6ALISON_BN_VRIES
999 _c3305
_d3305